{"text_format":"3","workbook":"xlsx","n_sheets":1,"sheets":["t387"],"read":"whole","date_system":"1900"}

{"sheet":"t387","index":0,"n_rows":180,"n_cols":7,"rows_kept":180,"merged":[[0,0,0,6],[30,0,30,5],[45,0,45,5],[154,0,154,5]]}
["TABELA 387.1 - Estatísticas Agrícolas, Município de Ourinhos, Estado de São Paulo, 2007/08."]
["ITEM","UNIDADE","N.DE UPAs","MÍNIMO","MÉDIO","MÁXIMO","TOTAL"]
["Distância à sede do município","km",366,0.4,{"v":10.93,"d":"10.9"},{"v":25,"d":"25.0"},"-"]
["Área total","hectare",366,0.2,{"v":73.48,"d":"73.5"},{"v":3388,"d":"3,388.0"},{"v":26895.1,"d":"26,895.1"}]
["Área com cultura perene","hectare",31,0.2,{"v":3.81,"d":"3.8"},23.2,{"v":118,"d":"118.0"}]
["Área com cultura temporária","hectare",233,0.1,70.1,{"v":1185.8,"d":"1,185.8"},{"v":16332.3,"d":"16,332.3"}]
["Área com pastagem","hectare",258,0.1,{"v":27.26,"d":"27.3"},{"v":1506.3,"d":"1,506.3"},{"v":7033.8,"d":"7,033.8"}]
["Área com reflorestamento","hectare",33,0.1,{"v":30.06,"d":"30.1"},{"v":500,"d":"500.0"},991.9]
["Área com vegetação natural","hectare",110,0.1,{"v":11.39,"d":"11.4"},294.8,{"v":1252.6,"d":"1,252.6"}]
["Área com vegetação de brejo e várzea","hectare",20,0.1,{"v":9.97,"d":"10.0"},28.8,199.4]
["Área em descanso","hectare",39,0.3,{"v":12.64,"d":"12.6"},371.8,{"v":493,"d":"493.0"}]
["Área complementar","hectare",295,0.1,{"v":1.61,"d":"1.6"},31.9,474.1]
["Área das UPAs com (0, 1] ha","hectare",7,0.2,0.5,{"v":1,"d":"1.0"},3.5]
["Área das UPAs com (1, 2] ha","hectare",15,1.2,{"v":1.51,"d":"1.5"},1.8,22.6]
["Área das UPAs com (2, 5] ha","hectare",75,2.4,{"v":3.99,"d":"4.0"},{"v":5,"d":"5.0"},298.9]
["Área das UPAs com (5, 10] ha","hectare",60,5.3,{"v":7.89,"d":"7.9"},9.7,473.6]
["Área das UPAs com (10, 20] ha","hectare",73,10.1,{"v":14.46,"d":"14.5"},19.4,{"v":1055.3,"d":"1,055.3"}]
["Área das UPAs com (20, 50] ha","hectare",69,20.5,{"v":31.94,"d":"31.9"},48.4,{"v":2203.8,"d":"2,203.8"}]
["Área das UPAs com (50, 100] ha","hectare",15,{"v":52,"d":"52.0"},{"v":70.71,"d":"70.7"},91.3,{"v":1060.6,"d":"1,060.6"}]
["Área das UPAs com (100, 200] ha","hectare",21,{"v":101,"d":"101.0"},138.5,193.5,{"v":2908.5,"d":"2,908.5"}]
["Área das UPAs com (200, 500] ha","hectare",19,204.1,{"v":331.39,"d":"331.4"},482.2,{"v":6296.4,"d":"6,296.4"}]
["Área das UPAs com (500, 1.000] ha","hectare",9,567.9,{"v":679.56,"d":"679.6"},853.6,{"v":6116,"d":"6,116.0"}]
["Área das UPAs com (1.000, 2.000] ha","hectare",2,{"v":1441.7,"d":"1,441.7"},{"v":1533.95,"d":"1,534.0"},{"v":1626.2,"d":"1,626.2"},{"v":3067.9,"d":"3,067.9"}]
["Área das UPAs com (2.000, 5.000] ha","hectare",1,{"v":3388,"d":"3,388.0"},{"v":3388,"d":"3,388.0"},{"v":3388,"d":"3,388.0"},{"v":3388,"d":"3,388.0"}]
["Área das UPAs com (5.000, 10.000] ha","hectare","-","-","-","-","-"]
["Área das UPAs acima de 10.000 ha","hectare","-","-","-","-","-"]
["Familiares do proprietário que trabalham na UPA","unidade",313,{"v":1,"d":"1.0"},{"v":1.54,"d":"1.5"},{"v":21,"d":"21.0"},{"v":481,"d":"481.0"}]
["Trabalhadores permanentes","unidade",184,{"v":1,"d":"1.0"},{"v":23.21,"d":"23.2"},{"v":2780,"d":"2,780.0"},{"v":4270,"d":"4,270.0"}]
["Fonte: Secretaria de Agricultura e Abastecimento, CDRS/IEA, Projeto LUPA."]
[]
["TABELA 387.2 - Explorações Animais, Município de Ourinhos, Estado de São Paulo, 2007/08."]
["ITEM","UNIDADE","N.DE UPAs","MÍNIMO","MÉDIO","MÁXIMO","TOTAL"]
["Asininos E Muares","cabeças",41,{"v":1,"d":"1.0"},{"v":2.34,"d":"2.3"},{"v":23,"d":"23.0"},{"v":96,"d":"96.0"}]
["Avicultura de Corte","cabeças/ano",1,{"v":8000,"d":"8,000.0"},{"v":8000,"d":"8,000.0"},{"v":8000,"d":"8,000.0"},{"v":8000,"d":"8,000.0"}]
["Avicultura Ornamental/Decorativa/Exótica","cabeças",1,{"v":50,"d":"50.0"},{"v":50,"d":"50.0"},{"v":50,"d":"50.0"},{"v":50,"d":"50.0"}]
["Avicultura para Ovos","cabeças",12,{"v":8500,"d":"8,500.0"},{"v":44166.67,"d":"44,166.7"},{"v":100000,"d":"100,000.0"},{"v":530000,"d":"530,000.0"}]
["Bovinocultura de Corte","cabeças",21,{"v":4,"d":"4.0"},{"v":209.81,"d":"209.8"},{"v":3300,"d":"3,300.0"},{"v":4406,"d":"4,406.0"}]
["Bovinocultura Leiteira","cabeças",72,{"v":1,"d":"1.0"},{"v":13.57,"d":"13.6"},{"v":385,"d":"385.0"},{"v":977,"d":"977.0"}]
["Bovinocultura Mista","cabeças",184,{"v":1,"d":"1.0"},{"v":16.57,"d":"16.6"},{"v":220,"d":"220.0"},{"v":3049,"d":"3,049.0"}]
["Caprinocultura","cabeças",4,{"v":1,"d":"1.0"},{"v":27.75,"d":"27.8"},{"v":80,"d":"80.0"},{"v":111,"d":"111.0"}]
["Equinocultura","cabeças",114,{"v":1,"d":"1.0"},{"v":3.25,"d":"3.3"},{"v":34,"d":"34.0"},{"v":371,"d":"371.0"}]
["Ovinocultura","cabeças",13,{"v":10,"d":"10.0"},{"v":70.08,"d":"70.1"},{"v":500,"d":"500.0"},{"v":911,"d":"911.0"}]
["Suinocultura","cabeças",43,{"v":1,"d":"1.0"},{"v":57.33,"d":"57.3"},{"v":800,"d":"800.0"},{"v":2465,"d":"2,465.0"}]
["Fonte: Secretaria de Agricultura e Abastecimento, CDRS/IEA, Projeto LUPA."]
[]
["TABELA 387.3 -  Máquinas, Implementos e Benfeitorias, Município de Ourinhos, Estado de São Paulo, 2007/08."]
["ITEM","UNIDADE","N.DE UPAs","MÍNIMO","MÉDIO","MÁXIMO","TOTAL"]
["Arado Comum (Bacia, Aiveca)","Unidade",15,{"v":1,"d":"1.0"},{"v":1.73,"d":"1.7"},{"v":4,"d":"4.0"},{"v":26,"d":"26.0"}]
["Arado Escarificador","Unidade",56,{"v":1,"d":"1.0"},{"v":1.41,"d":"1.4"},{"v":4,"d":"4.0"},{"v":79,"d":"79.0"}]
["Arado Subsolador","Unidade",24,{"v":1,"d":"1.0"},{"v":1.71,"d":"1.7"},{"v":13,"d":"13.0"},{"v":41,"d":"41.0"}]
["Batedeira de Cereais","Unidade",4,{"v":1,"d":"1.0"},{"v":1.25,"d":"1.3"},{"v":2,"d":"2.0"},{"v":5,"d":"5.0"}]
["Câmara Fria","Unidade",3,{"v":1,"d":"1.0"},{"v":1,"d":"1.0"},{"v":1,"d":"1.0"},{"v":3,"d":"3.0"}]
["Carregadeira de Cana","Unidade",5,{"v":1,"d":"1.0"},8.4,{"v":38,"d":"38.0"},{"v":42,"d":"42.0"}]
["Colhedeira Acoplada","Unidade",9,{"v":1,"d":"1.0"},{"v":1.22,"d":"1.2"},{"v":2,"d":"2.0"},{"v":11,"d":"11.0"}]
["Colhedeira Automotriz","Unidade",10,{"v":1,"d":"1.0"},2.6,{"v":11,"d":"11.0"},{"v":26,"d":"26.0"}]
["Computador","Unidade",2,{"v":1,"d":"1.0"},75.5,{"v":150,"d":"150.0"},{"v":151,"d":"151.0"}]
["Conj.Irrigação Autopropelido","Unidade",1,{"v":1,"d":"1.0"},{"v":1,"d":"1.0"},{"v":1,"d":"1.0"},{"v":1,"d":"1.0"}]
["Conj.Irrigação Convencional","Unidade",3,{"v":1,"d":"1.0"},{"v":2.67,"d":"2.7"},{"v":4,"d":"4.0"},{"v":8,"d":"8.0"}]
["Conj.Irrigação Pivot Central","Unidade",1,{"v":1,"d":"1.0"},{"v":1,"d":"1.0"},{"v":1,"d":"1.0"},{"v":1,"d":"1.0"}]
["Conj.Irrigação/Gotejamento/Microaspersão","Unidade",2,{"v":1,"d":"1.0"},4.5,{"v":8,"d":"8.0"},{"v":9,"d":"9.0"}]
["Conjunto de Fenação","Unidade",2,{"v":1,"d":"1.0"},1.5,{"v":2,"d":"2.0"},{"v":3,"d":"3.0"}]
["Desintegrador de Palha (Plantio Direto)","Unidade",2,{"v":2,"d":"2.0"},{"v":2,"d":"2.0"},{"v":2,"d":"2.0"},{"v":4,"d":"4.0"}]
["Desintegrador, Picador, Triturador","Unidade",113,{"v":1,"d":"1.0"},{"v":1.17,"d":"1.2"},{"v":10,"d":"10.0"},{"v":132,"d":"132.0"}]
["Distribuidor de Calcário","Unidade",8,{"v":1,"d":"1.0"},1.5,{"v":3,"d":"3.0"},{"v":12,"d":"12.0"}]
["Ensiladeira","Unidade",8,{"v":1,"d":"1.0"},{"v":1.13,"d":"1.1"},{"v":2,"d":"2.0"},{"v":9,"d":"9.0"}]
["Grade Aradora (Tipo Romi)","Unidade",7,{"v":1,"d":"1.0"},{"v":7.43,"d":"7.4"},{"v":43,"d":"43.0"},{"v":52,"d":"52.0"}]
["Grade Niveladora","Unidade",6,{"v":1,"d":"1.0"},{"v":3.33,"d":"3.3"},{"v":11,"d":"11.0"},{"v":20,"d":"20.0"}]
["Implementos para Tração Animal","Unidade",17,{"v":1,"d":"1.0"},{"v":2.29,"d":"2.3"},{"v":4,"d":"4.0"},{"v":39,"d":"39.0"}]
["Microtrator","Unidade",3,{"v":1,"d":"1.0"},{"v":1.33,"d":"1.3"},{"v":2,"d":"2.0"},{"v":4,"d":"4.0"}]
["Misturador de Ração","Unidade",17,{"v":1,"d":"1.0"},{"v":1.41,"d":"1.4"},{"v":6,"d":"6.0"},{"v":24,"d":"24.0"}]
["Ordenhadeira Mecânica","Unidade",3,{"v":1,"d":"1.0"},{"v":2.67,"d":"2.7"},{"v":5,"d":"5.0"},{"v":8,"d":"8.0"}]
["Pulverizador Tratorizado","Unidade",42,{"v":1,"d":"1.0"},{"v":1.69,"d":"1.7"},{"v":5,"d":"5.0"},{"v":71,"d":"71.0"}]
["Resfriador de Leite, Tanque Expansão","Unidade",4,{"v":1,"d":"1.0"},{"v":1,"d":"1.0"},{"v":1,"d":"1.0"},{"v":4,"d":"4.0"}]
["Semeadeira/Adubadeira para Plantio Convencional","Unidade",7,{"v":1,"d":"1.0"},{"v":7.29,"d":"7.3"},{"v":42,"d":"42.0"},{"v":51,"d":"51.0"}]
["Semeadeira/Plantadeira Plantio Direto","Unidade",33,{"v":1,"d":"1.0"},{"v":1.73,"d":"1.7"},{"v":6,"d":"6.0"},{"v":57,"d":"57.0"}]
["Terraceador","Unidade",7,{"v":1,"d":"1.0"},{"v":1.29,"d":"1.3"},{"v":2,"d":"2.0"},{"v":9,"d":"9.0"}]
["Trator de Esteiras","Unidade",2,{"v":1,"d":"1.0"},{"v":3,"d":"3.0"},{"v":5,"d":"5.0"},{"v":6,"d":"6.0"}]
["Trator de Pneus","Unidade",97,{"v":1,"d":"1.0"},{"v":2.06,"d":"2.1"},{"v":15,"d":"15.0"},{"v":200,"d":"200.0"}]
["Açude/Represa","Unidade",46,{"v":1,"d":"1.0"},{"v":1.85,"d":"1.9"},{"v":10,"d":"10.0"},{"v":85,"d":"85.0"}]
["Almoxarifado/Oficina","Unidade",11,{"v":1,"d":"1.0"},{"v":1.64,"d":"1.6"},{"v":6,"d":"6.0"},{"v":18,"d":"18.0"}]
["Armazém para Grãos Ensacados","Sacas",11,{"v":1,"d":"1.0"},{"v":5591.45,"d":"5,591.5"},{"v":50000,"d":"50,000.0"},{"v":61506,"d":"61,506.0"}]
["Balança para Bovinos","Unidade",6,{"v":1,"d":"1.0"},{"v":1.17,"d":"1.2"},{"v":2,"d":"2.0"},{"v":7,"d":"7.0"}]
["Balança para Veículos","Unidade",6,{"v":1,"d":"1.0"},{"v":1.17,"d":"1.2"},{"v":2,"d":"2.0"},{"v":7,"d":"7.0"}]
["Barracão para Granja/Avicultura","Unidade",20,{"v":1,"d":"1.0"},{"v":13.45,"d":"13.5"},{"v":60,"d":"60.0"},{"v":269,"d":"269.0"}]
["Barracão/Galpão/Garagem","Unidade",115,{"v":1,"d":"1.0"},{"v":1.37,"d":"1.4"},{"v":4,"d":"4.0"},{"v":158,"d":"158.0"}]
["Casa de Moradia Habitada","Unidade",256,{"v":1,"d":"1.0"},2.2,{"v":28,"d":"28.0"},{"v":562,"d":"562.0"}]
["Casa de Moradia Total","Unidade",275,{"v":1,"d":"1.0"},{"v":4.55,"d":"4.6"},{"v":349,"d":"349.0"},{"v":1251,"d":"1,251.0"}]
["Curral/Mangueira","Unidade",131,{"v":1,"d":"1.0"},{"v":1.08,"d":"1.1"},{"v":3,"d":"3.0"},{"v":141,"d":"141.0"}]
["Depósito/Tulha","Unidade",150,{"v":1,"d":"1.0"},{"v":1.48,"d":"1.5"},{"v":22,"d":"22.0"},{"v":222,"d":"222.0"}]
["Engenho","Unidade",1,{"v":1,"d":"1.0"},{"v":1,"d":"1.0"},{"v":1,"d":"1.0"},{"v":1,"d":"1.0"}]
["Estábulo","Unidade",35,{"v":1,"d":"1.0"},{"v":1.03,"d":"1.0"},{"v":2,"d":"2.0"},{"v":36,"d":"36.0"}]
["Estufa/Plasticultura","m²",4,{"v":1,"d":"1.0"},{"v":626.75,"d":"626.8"},{"v":1500,"d":"1,500.0"},{"v":2507,"d":"2,507.0"}]
["Fábrica de Farinha","Unidade",1,{"v":1,"d":"1.0"},{"v":1,"d":"1.0"},{"v":1,"d":"1.0"},{"v":1,"d":"1.0"}]
["Fábrica de Ração","Unidade",8,{"v":1,"d":"1.0"},{"v":1,"d":"1.0"},{"v":1,"d":"1.0"},{"v":8,"d":"8.0"}]
["Instalações para Equinos","Unidade",6,{"v":1,"d":"1.0"},{"v":2,"d":"2.0"},{"v":7,"d":"7.0"},{"v":12,"d":"12.0"}]
["Máquina de Benefício","Unidade",1,{"v":1,"d":"1.0"},{"v":1,"d":"1.0"},{"v":1,"d":"1.0"},{"v":1,"d":"1.0"}]
["Olaria","Unidade",7,{"v":1,"d":"1.0"},{"v":1.29,"d":"1.3"},{"v":3,"d":"3.0"},{"v":9,"d":"9.0"}]
["Pocilga","Unidade",52,{"v":1,"d":"1.0"},{"v":1.38,"d":"1.4"},{"v":8,"d":"8.0"},{"v":72,"d":"72.0"}]
["Poço Semi-Artesiano","Unidade",39,{"v":1,"d":"1.0"},{"v":1.15,"d":"1.2"},{"v":4,"d":"4.0"},{"v":45,"d":"45.0"}]
["Secador de Grãos","Unidade",4,{"v":1,"d":"1.0"},{"v":1.25,"d":"1.3"},{"v":2,"d":"2.0"},{"v":5,"d":"5.0"}]
["Silo para Grãos","t",7,{"v":1,"d":"1.0"},{"v":315.29,"d":"315.3"},{"v":1000,"d":"1,000.0"},{"v":2207,"d":"2,207.0"}]
["Silo para Silagem","t",6,{"v":100,"d":"100.0"},{"v":900,"d":"900.0"},{"v":4000,"d":"4,000.0"},{"v":5400,"d":"5,400.0"}]
["Terreiro","m²",29,{"v":1,"d":"1.0"},{"v":2611.86,"d":"2,611.9"},{"v":50000,"d":"50,000.0"},{"v":75744,"d":"75,744.0"}]
["Fonte: Secretaria de Agricultura e Abastecimento, CDRS/IEA, Projeto LUPA."]
[]
["TABELA 387.4 - Outras Estatísticas Agrícolas, Município de Ourinhos, Estado de São Paulo, 2007/08."]
["ITEM","Número de UPAs",null,"Percentual"]
["Faz Parte de Associação de Produtores",221,null,{"v":60.38251366120219,"d":"60.4"}]
["Faz Parte de Cooperativa de Produtores",184,null,{"v":50.27322404371585,"d":"50.3"}]
["Faz Parte do Sindicato de Produtores",242,null,{"v":66.12021857923497,"d":"66.1"}]
["Não utiliza assistência técnica ",11,null,{"v":3.0054644808743167,"d":"3.0"}]
["Utiliza somente assistência técnica governamental ",229,null,{"v":62.568306010928964,"d":"62.6"}]
["Utiliza somente assistência técnica privada ",22,null,{"v":6.0109289617486334,"d":"6.0"}]
["Utiliza assistência técnica tanto governamental quanto privada",104,null,{"v":28.415300546448087,"d":"28.4"}]
["Utiliza Crédito Rural",144,null,{"v":39.34426229508197,"d":"39.3"}]
["Utiliza Seguro Rural",65,null,{"v":17.759562841530055,"d":"17.8"}]
["Utiliza Escrituração Agrícola",276,null,{"v":75.40983606557377,"d":"75.4"}]
["Acessa Internet p/ Fins na Agropecuária",31,null,{"v":8.469945355191257,"d":"8.5"}]
["Utiliza Computador nas Atividades Agropecuárias",43,null,{"v":11.748633879781421,"d":"11.7"}]
["Utiliza Energia Elétrica Para Uso na Atividade Agrícola",318,null,{"v":86.88524590163934,"d":"86.9"}]
["Realiza Análise de Solo, quando necessário",221,null,{"v":60.38251366120219,"d":"60.4"}]
["Utiliza Práticas de Conservação de Solo, quando necessário",352,null,{"v":96.17486338797815,"d":"96.2"}]
["Faz Adubação Mineral, quando necessário",200,null,{"v":54.6448087431694,"d":"54.6"}]
["Faz Adubação Orgânica, quando necessário",115,null,{"v":31.420765027322403,"d":"31.4"}]
["Faz Adubação Verde, quando necessário",67,null,{"v":18.306010928961747,"d":"18.3"}]
["Utiliza Manejo Integrado de Pragas (MIP)",1,null,{"v":0.27322404371584696,"d":"0.3"}]
["Utiliza Hidroponia",3,null,{"v":0.8196721311475409,"d":"0.8"}]
["Utiliza Plasticultura",6,null,{"v":1.639344262295082,"d":"1.6"}]
["Utiliza Mudas Fiscalizadas",71,null,{"v":19.398907103825138,"d":"19.4"}]
["Utiliza Semente Melhorada",155,null,{"v":42.349726775956285,"d":"42.3"}]
["Faz Confinamento de Bovinos",2,null,{"v":0.5464480874316939,"d":"0.5"}]
["Utiliza Pastejo Intensivo",39,null,{"v":10.655737704918034,"d":"10.7"}]
["Faz Inseminação Artificial",10,null,{"v":2.73224043715847,"d":"2.7"}]
["Faz Mineralização do Rebanho",206,null,{"v":56.28415300546448,"d":"56.3"}]
["Faz Vermifugação do Rebanho",213,null,{"v":58.1967213114754,"d":"58.2"}]
["Possui Parceiros /Arrendatários na Exploração Animal",17,null,{"v":4.644808743169399,"d":"4.6"}]
["Esporte e lazer",2,null,{"v":0.5464480874316939,"d":"0.5"}]
["Extração mineral","-",null,"-"]
["Hotel Fazenda, Pousada ou SPA","-",null,"-"]
["Pesque-pague","-",null,"-"]
["Restaurante ou Lanchonete","-",null,"-"]
["Transformação artesanal","-",null,"-"]
["Turismo rural ou ecoturismo","-",null,"-"]
["Outras atividades econômicas rurais","-",null,"-"]
["Agroindústria","-",null,"-"]
["Proprietário sem instrução ou com instrução incompleta",7,null,{"v":1.912568306010929,"d":"1.9"}]
["Proprietário com antigo primário completo",159,null,{"v":43.44262295081967,"d":"43.4"}]
["Proprietário com 1° grau (ou antigo ginasial) completo",42,null,{"v":11.475409836065573,"d":"11.5"}]
["Proprietário com 2° grau (ou antigo colegial) completo",65,null,{"v":17.759562841530055,"d":"17.8"}]
["Proprietário com curso superior completo ",85,null,{"v":23.224043715846996,"d":"23.2"}]
["Pessoa Jurídica",8,null,{"v":2.1857923497267757,"d":"2.2"}]
["Proprietário residente na própria UPA ",65,null,{"v":17.759562841530055,"d":"17.8"}]
["Fonte: Secretaria de Agricultura e Abastecimento, CDRS/IEA, Projeto LUPA."]
[]
["TABELA 387.5 - Área Cultivada, Município de Ourinhos, Estado de São Paulo, 2007/08."]
["CULTURA","N.DE UPAs","MÍNIMO","MÉDIO","MÁXIMO","TOTAL"]
["Cana-de-acucar",65,0.2,{"v":179.18,"d":"179.2"},{"v":1089,"d":"1,089.0"},{"v":11646.8,"d":"11,646.8"}]
["Braquiaria",198,0.1,{"v":28.78,"d":"28.8"},928.3,{"v":5699.2,"d":"5,699.2"}]
["Milho",133,0.1,{"v":19.71,"d":"19.7"},629.2,{"v":2621.3,"d":"2,621.3"}]
["Soja",40,{"v":3,"d":"3.0"},49.8,302.4,{"v":1992,"d":"1,992.0"}]
["Outras gramineas para pastagem",64,0.4,15.9,578.9,{"v":1017.5,"d":"1,017.5"}]
["Eucalipto",32,0.1,{"v":30.97,"d":"31.0"},{"v":500,"d":"500.0"},990.9]
["Gramas",4,0.8,{"v":69.43,"d":"69.4"},259.6,277.7]
["Cafe",20,0.2,{"v":5.36,"d":"5.4"},23.2,107.2]
["Mandioca",12,{"v":2,"d":"2.0"},{"v":6.46,"d":"6.5"},15.9,77.5]
["Coloniao",3,{"v":1,"d":"1.0"},{"v":10.77,"d":"10.8"},24.2,32.3]
["Capim-napier (ou capim-elefante)",4,0.5,{"v":1.78,"d":"1.8"},3.6,7.1]
["Cacau",6,0.6,0.7,1.2,4.2]
["Alface",5,0.2,{"v":0.64,"d":"0.6"},1.6,3.2]
["Laranja",3,0.3,{"v":1.03,"d":"1.0"},{"v":2,"d":"2.0"},3.1]
["Banana",2,{"v":1,"d":"1.0"},{"v":1.25,"d":"1.3"},1.5,2.5]
["Couve (ou couve-crespa)",1,1.2,1.2,1.2,1.2]
["Cebolinha",1,1.2,1.2,1.2,1.2]
["Limao",1,{"v":1,"d":"1.0"},{"v":1,"d":"1.0"},{"v":1,"d":"1.0"},{"v":1,"d":"1.0"}]
["Outras florestais",1,{"v":1,"d":"1.0"},{"v":1,"d":"1.0"},{"v":1,"d":"1.0"},{"v":1,"d":"1.0"}]
["Couve-flor",1,0.2,0.2,0.2,0.2]
["Berinjela",1,0.2,0.2,0.2,0.2]
["Repolho",1,0.2,0.2,0.2,0.2]
["Floricultura para vaso",1,0.1,0.1,0.1,0.1]
["Fonte: Secretaria de Agricultura e Abastecimento, CDRS/IEA, Projeto LUPA."]